1198 1794 1553 1271 1545 1109 1682 1653 1116 1078 1325 1445 1296 1741 1874 1034 1781 1947 1950 1377 1105 1610 1177 1660 1542 1693 1598 1379 1236 1318 1913 1181 1180 1025 1346 1624 1890 1238 1496 1361 1638 1906 1192 1130 1405 1538 1802 1009 1847 1112 1438 1644 1970 1394 1782 1503 1809 1655 1693 1430 1235 1414 1688 1019 1459 1728 1870 1223 1254 1304 1372 1454 1216 1182 1895 1006 1582 1166 1845 1805 1318 1199 1903 1027 1039 1192 1139 1593 1755 1264 1389 1778 1691 1240 1129 1839 1576 1636 1461 BCNSPRNW ULIB Ver.6.0+V

เปลี่ยนเป็นภาษาไทย

Change to English
 แสดงรายละเอียดบรรณานุกรม
  กลับหน้าหลัก

Brief Record : Get Marc (ISO 2709) : E-mail record : QR code < ปิดหน้าต่าง
LEADER : 00000nam 2200000uu 4500
001    13399115315
003     ULIB
008    120815s2009||||th 000 0 eng d
020    ^a9781405341295
082  0  ^aQS17^bC111B
100 0  Rita Carter
245  0  ^aThe brain book /^cRita Carter ... [et al.] ; editors, Salima Hirani, Katie John, Rebecca Warren.
260    ^aLondon :^bDorling Kindersley,^c2009.
300    ^a256 p. :^bill. ;^c31 cm.
650    ^aBrain.
650    ^aNeuroanatomy.
700  1 ^aCarter, Rita.
700  1 ^aHirani, Salima.
700  1 ^aJohn, Katie.
700  1 ^aWarren, Rebecca.
945    ^p0^l0^i16286
995    ^aทศพร
999 ^a ใช้งานได้ทุกระบบ
รายการนี้ยังไม่มีแท็ก
คุณยังไม่ได้ล็อกอิน คุณสามารถมีกิจกรรมร่วมกับเว็บไซต์ได้ แต่ต้องล็อกอินก่อน ::
  ล็อกอิน

รายการสื่อสารสนเทศ

ลำดับที่ ประเภท เลขเรียก/บาร์โค้ด สถานที่ สถานะ
- ไม่พบข้อมูล -

BibComment


ยังไม่เคยถูกคอมเมนท์

คอมเมนท์ทรัพยากรรายการนี้
  คอมเมนท์: The brain book ..


 Copyright 2026. Bcnsprnw @Library